Focus (Record no. 83972)
[ view plain ]
| 000 -LEADER | |
|---|---|
| fixed length control field | 01057cab a22002175a 4500 |
| 001 - CONTROL NUMBER | |
| control field | L156239 |
| 008 - FIXED-LENGTH DATA ELEMENTS--GENERAL INFORMATION | |
| fixed length control field | 120509e2012 xxk 000 0 eng d |
| 035 ## - SYSTEM CONTROL NUMBER | |
| System control number | (Sirsi) u156239 |
| 041 0# - LANGUAGE CODE | |
| Language code of text/sound track or separate title | eng |
| 100 1# - MAIN ENTRY--PERSONAL NAME | |
| Personal name | Donnell, Richard |
| 245 00 - TITLE STATEMENT | |
| Title | Focus |
| Remainder of title | Residential |
| 260 ## - PUBLICATION, DISTRIBUTION, ETC. | |
| Date of publication, distribution, etc. | 2012 |
| 490 ## - SERIES STATEMENT | |
| Series statement | Estates Gazette |
| Volume/sequential designation | (1218) 5 May 2012, 67-79(12) |
| 520 ## - SUMMARY, ETC. | |
| Summary, etc. | Outlines opportunities for residential developers and investors outside London including the private rented sector. Gives details of rental growth and gross yields in key cities in England, Wales and Scotland including the private rented sector. Assesses the impact Community Infrastructure Levy is having on housebuilding. Predicts that UK house prices will start to recover in 2013. Looks at conversion of empty shops into homes. Construction starts in Outer London are returning to pre-recession levels but inner London remains flats. |
| 590 ## - LOCAL NOTE (RLIN) | |
| Local note | KA |
| 651 #4 - SUBJECT ADDED ENTRY--GEOGRAPHIC NAME | |
| Geographic name | United Kingdom |
| 690 ## - LOCAL SUBJECT ADDED ENTRY--TOPICAL TERM (OCLC, RLIN) | |
| Topical term or geographic name as entry element | Residential property |
| 9 (RLIN) | 6266 |
| 700 1# - ADDED ENTRY--PERSONAL NAME | |
| Personal name | Norwood, Graham |
| 700 1# - ADDED ENTRY--PERSONAL NAME | |
| Personal name | Evans, Nigel |
| 942 ## - ADDED ENTRY ELEMENTS (KOHA) | |
| Suppress in OPAC | 0 |
| Withdrawn status | Lost status | Source of classification or shelving scheme | Damaged status | Not for loan | Home library | Current library | Shelving location | Date acquired | Total Checkouts | Full call number | Barcode | Date last seen | Copy number | Price effective from | Koha item type |
|---|---|---|---|---|---|---|---|---|---|---|---|---|---|---|---|
| Dewey Decimal Classification | London | London | Journal article | 09/05/2012 | L156239 | 156239-1001 | 06/08/2019 | 1 | 06/08/2019 | Journal article |